00665cam a22002531 4500001001300000003000400013005001700017008004100034010001700075035002000092040001800112042001200130050001600142100002800158245003100186250001400217260001000231300002300241500003700264650002500301700003700326700003100363999001700394sa 66003613 DLC20260227112237.0910117s1964 ii 000 0 sano  asa 66003613  a(OCoLC)22976511 aDLCcWaUdDLC apremarc00aR127.2b.B70 aBrajanātha Śarmā.10aVaidyakasāroddhāraḥ. a[1st ed.] c1964. a17, 416 p.c26 cm. aIn Sanskrit; introd. in English. 0aMedicine, Ayurvedic.1 aTarkatirtha, Dharmanath,d-1962.1 aChoudhury, Pratap Chandra. c68998d68998